| 000 | 00319nam a22001097a 4500 | ||
|---|---|---|---|
| 008 | 151012b xxu||||| |||| 00| 0 eng d | ||
| 020 | _a0131799460 | ||
| 100 | _aHORNGREW CHARLES T. | ||
| 245 |
_aCOST ACCOUNTING: _bA MANAGERIAL EMPHASIS. |
||
| 250 | _a7 th (ED) | ||
| 260 |
_aENGLEWOOD; _bPRENTICE-HALL INTERNATIONAL,INC _c1991. |
||
| 999 |
_c3507 _d3507 |
||